Asset Purchase Programs in European Emerging Markets /

Several emerging market central banks in Europe deployed asset purchase programs (APPs) amid the 2020 pandemic. The common main goals were to address market dysfunction and impaired monetary transmission, distinct from the quantitative easing conducted by major advanced economy central banks. Likely...

Ausführliche Beschreibung

Bibliographische Detailangaben
1. Verfasser: Arena, Marco
Weitere Verfasser: Bems, Rudolfs, Ilahi, Nadeem, Lee, Jaewoo
Format: Zeitschrift
Sprache:English
Veröffentlicht: Washington, D.C. : International Monetary Fund, 2021.
Schriftenreihe:Departmental Papers; Departmental Paper ; No 2021/021
Schlagworte:
Online Zugang:Full text available on IMF
LEADER 02787cas a2200337 a 4500
001 AALejournalIMF022136
008 230101c9999 xx r poo 0 0eng d
020 |c 20.00 USD 
020 |z 9781513593753 
022 |a 2616-5333 
040 |a BD-DhAAL  |c BD-DhAAL 
100 1 |a Arena, Marco. 
245 1 0 |a Asset Purchase Programs in European Emerging Markets /  |c Marco Arena, Rudolfs Bems, Nadeem Ilahi, Jaewoo Lee. 
264 1 |a Washington, D.C. :  |b International Monetary Fund,  |c 2021. 
300 |a 1 online resource (59 pages) 
490 1 |a Departmental Papers 
500 |a <strong>Off-Campus Access:</strong> No User ID or Password Required 
500 |a <strong>On-Campus Access:</strong> No User ID or Password Required 
506 |a Electronic access restricted to authorized BRAC University faculty, staff and students 
520 3 |a Several emerging market central banks in Europe deployed asset purchase programs (APPs) amid the 2020 pandemic. The common main goals were to address market dysfunction and impaired monetary transmission, distinct from the quantitative easing conducted by major advanced economy central banks. Likely reflecting the global nature of the crisis, these APPs defied the traditional emerging market concern of destabilizing the exchange rate or inflation expectations and instead alleviated markets successfully. We uncover some evidence that APPs in European emerging markets stabilized government bond markets and boosted equity prices, with no indication of exchange rate pressure. Examining global and domestic factors that could limit the usability of APPs, in the event of renewed market dysfunction we see a potential scope for scaling up APPs in most European emerging markets that used APPs during the pandemic, provided that they remain consistent with the primary objective of monetary policy and keep a safe distance from the risk of fiscal dominance. As central banks in the region move towards monetary policy tightening, the tapering, ending, and unwinding of APPs must also be carefully considered. Clear and transparent communication is critical at each step of the process, from the inception to the closure of APPs, particularly when a large shock hits and triggers a major policy shift. 
538 |a Mode of access: Internet 
650 7 |a Corporate Finance and Governance  |2 imf 
650 7 |a Economic Development  |2 imf 
650 7 |a Emerging Markets  |2 imf 
650 7 |a Monetary Policy  |2 imf 
650 7 |a Saving and Capital Investment  |2 imf 
700 1 |a Bems, Rudolfs. 
700 1 |a Ilahi, Nadeem. 
700 1 |a Lee, Jaewoo. 
830 0 |a Departmental Papers; Departmental Paper ;  |v No 2021/021 
856 4 0 |z Full text available on IMF  |u http://elibrary.imf.org/view/journals/087/2021/021/087.2021.issue-021-en.xml  |z IMF e-Library